| 000 | 00626cam a22002293a 4500 | ||
|---|---|---|---|
| 001 | 22750 | ||
| 003 | PGUSA | ||
| 005 | 20140828083502.0 | ||
| 008 | 070924s2007||||xxu|||||s|||||000 1 eng d | ||
| 040 |
_aPGUSA _beng |
||
| 042 | _adc | ||
| 050 | 4 | _aPZ | |
| 100 | 1 | _aNiemann, Karen | |
| 245 | 1 | 0 |
_aRags : _b(The Story Of A Dog) _h[electronic resource] / _cKaren Niemann |
| 260 |
_bProject Gutenberg, _c2007 |
||
| 506 | _aPublic domain in the USA. | ||
| 516 | _aElectronic text | ||
| 653 | _aDogs -- Juvenile fiction | ||
| 830 | 0 |
_aProject Gutenberg _v22750 |
|
| 856 | 4 | 0 | _uhttp://www.gutenberg.org/ebooks/22750 |
| 942 | _cEB | ||
| 999 |
_c252005 _d252005 |
||